| 000 | 00938cad a22002295a 4500 | ||
|---|---|---|---|
| 001 | E152299 | ||
| 008 | 110221s2010 xxkabd f s 000 0 eng d | ||
| 020 | _a9781842195963 | ||
| 035 | _a(Sirsi) u152299 | ||
| 041 | 0 | _aeng | |
| 100 | 1 | _aMayfield, Ben | |
| 111 | 2 |
_aRICS Roots Rural Research Conference _cPlumpton College _d13-14 April, 2010 |
|
| 245 | 0 | 0 |
_aAccess and conservation _bthe emergence of a new political consensus _h[electronic resource] |
| 260 |
_aLondon _bRICS _c2010 |
||
| 520 | _aA paper presented at the RICS Roots Rural Research Conference held at Plumpton College on 13-14 April, 2010. | ||
| 521 | _aAdvanced | ||
| 590 | _aKA | ||
| 651 | 4 | _aUnited Kingdom | |
| 690 | _aENVIRONMENTAL AND LAND CONSULTANCY-LAND MANAGEMENT | ||
| 856 | 4 | 0 |
_uhttps://www.rics.org/profession-standards/knowledge-and-information-services/document-delivery-and-other-kis-fees _zemail [email protected] to request a copy |
| 942 |
_n0 _2ddc |
||
| 999 |
_c111975 _d111975 |
||